书目信息 |
| 题名: |
结构力学复习及解题指导
|
|
| 作者: | 黄靖 编 | |
| 分册: | ||
| 出版信息: | 北京 人民交通出版社 2007.06 |
|
| 页数: | 235页 | |
| 开本: | 23cm | |
| 丛书名: | 考研专业课复习指导系列丛书土木类 | |
| 单 册: | ||
| 中图分类: | O342 | |
| 科图分类: | ||
| 主题词: | 结构力学--jie gou li xue--研究生--入学考试--升学参考资料 | |
| 电子资源: | ||
| ISBN: | 978-7-114-06540-8 | |
| 000 | 01029nam 2200277 450 | |
| 001 | 012007587886 | |
| 005 | 20071109090349.91 | |
| 010 | @a978-7-114-06540-8@dCNY28.00 | |
| 100 | @a20071109d2007 km y0chiy0120 ea | |
| 101 | 0 | @achi |
| 102 | @aCN@b110000 | |
| 105 | @aa a 000yy | |
| 106 | @ar | |
| 200 | 1 | @a结构力学复习及解题指导@Ajie gou li xue fu xi ji jie ti zhi dao@f黄靖编@Fhuang jing bian |
| 205 | @a第2版 | |
| 210 | @a北京@c人民交通出版社@d2007.06 | |
| 215 | @a235页@c图@d23cm | |
| 225 | 2 | @a考研专业课复习指导系列丛书土木类@Akao yan zhuan ye ke fu xi zhi dao xi lie cong shu tu mu lei |
| 320 | @a有书目 (第235页)。 | |
| 330 | @a本书包括平面体系的集合组成分析,静定结构的受力分析,虚功原理和结构位移计算,力法,位移法、力矩分配法,影响线,矩阵位移法等内容。 | |
| 410 | 0 | @12001 @a考研专业课复习指导系列丛书土木类 |
| 606 | 0 | @a结构力学@Ajie gou li xue@x研究生@x入学考试@j升学参考资料 |
| 690 | @aO342@v4 | |
| 701 | 0 | @a黄靖@Ahuang jing@4编 |
| 801 | 0 | @aCN@b@c20071109 |
| 905 | @b267639-41@dO342@eH842@f3 | |
| 结构力学复习及解题指导/黄靖编.-第2版.-北京:人民交通出版社,2007.06 |
| 235页:图;23cm.-(考研专业课复习指导系列丛书土木类) |
| ISBN 978-7-114-06540-8:CNY28.00 |
| 本书包括平面体系的集合组成分析,静定结构的受力分析,虚功原理和结构位移计算,力法,位移法、力矩分配法,影响线,矩阵位移法等内容。 |
| ● |
| 相关链接 |
|
|
|
正题名:结构力学复习及解题指导
索取号:O342/H842
 
预约/预借
| 序号 | 登录号 | 条形码 | 馆藏地/架位号 | 状态 | 备注 |
| 1 | 267639 | 202676390 | 自科库401/ [索取号:O342/H842] | 在馆 | |
| 2 | 267640 | 202676407 | 自科库401/ [索取号:O342/H842] | 在馆 | |
| 3 | 267641 | 202676416 | 自科库401/ [索取号:O342/H842] | 在馆 |